Tecnologia e os videogames - Statistics

Estatísticas Gerais
  • Esse quiz foi jogado 118 vezes
  • A pontuação média é 4 de 13
Estatísticas das Respostas
Hint Resposta % Correto
Qual a consola é a mais potente da oitava geração? Xbox One S
85%
Qual é o personagem mais querido do mundo dos games? Mario
83%
Qual a consola mais potente da sexta geração de video games? Xbox
66%
Qual a melhor espada e picareta, do Mine? Diamante
63%
No Pacman, qual é o fantasma que sempre pega o caminho mais curto? Vermelho
51%
Qual o jogo mais vendido do Super Nintendo? Super Mario World
30%
Qual foi a Primeira Consola? Magnavox Odyssey
16%
Qual foi o primeiro jogo? Tennis for Two
11%
Qual foi a consola que vendeu menos? Sega Dreamcast
9%
Qual o Bioma que os Afogados mais nascem? Rios
2%
Qual foi o primeiro jogo de computador? Spacewar
2%
Qual foi a primeira consola 32-Bits da história? Panasonic 3DO
1%
Qual a consola que salvou o mercado de video games? Nintendo Entertainer System
0%
Nenhum quiz correspondente encontrado
Distribuição das Pontuações
Porcentagem de Pessoas com Cada Pontuação
Percentil de Números Respondidos
Sua Pontuação Histórica
Você não jogou esse quiz